000 00346pam a2200157a 44500
008 230515b1989 xxu||||| |||| 00| 0 eng d
020 _aNULL
041 _aENGL
082 _a/THE
100 _aTHEIRAUT R.J.
245 _aSYSTEMS ANALYSIS AND DESIGN
250 _aN.D.
260 _aNULL
_bC.B.S
_c1989
300 _a684 PB
650 _aNULL
999 _c622296
_d622296